01598ny a22002653n 450000500170000000800410001702000180005803500090007604000190008508000150010409000130011910000230013224501670015525600240032226000510034630000070039750504110040450602800081565000360109574000390113185600400117094200080121095200950121899900190131320240305165316.0080205s2007 fr 001 0dfre c a9782743009717 a2376 aSpMaUCDEdvLex a347.77/.78 c433d4331 aPiotraut, Jean-Luc13aLa propriété intellectuelle en droit international et comparéh[Recurso electrónico]b(France, Allemagne, Royaume-Uni, États-Unis) /cJean-Luc Piotraut. aServicio en línea aParis :bEditions TEC & DOC ; Lavoisier,c2007 av. aPremiaère Partie. Le mouvement général d internationalisation du droit de la propriété intellectuelle.- 1. La mondialisation croissante de la propriété intellectuelle.- 2. La progression contrastée des phénomènes d intégration au plan régional.- 3. Les limites de l internationalisation de la propriété intellectuelle.- Deuxième Partie. La limitation des différences entre.1 aContenido solo disponible en los productos indicadosdvLex GlobaldvLex Global (Academic Edition, excluding Law Schools)dvLex Global (U.S. Academic Edition, Law Schools)dvLex Global (U.S. Academic Edition, excluding Law Schools)dvLex Global (Academic Edition, Law Schools)04aPropiedad intelectualxDerecho 0 avLex Libros (Servicios en línea)40uhttps://app.vlex.com/#/sources/2376 cRAA 001040708VLEX9317237aBD-UINbBD-UINd2024-03-05l0p2376r2024-03-05w2024-03-05yRAA c158959d158959